Návrh zlepšenia motivačného systému a odmeňovania zamestnancov v podniku MAHLE Behr Senica s.r.o.

Uložené v:
Podrobná bibliografia
Hlavný autor: Knotková, Martina (Autor)
Ďalší autori: Homokyová, Mária (Vedúci práce)
Médium: Rukopis Kniha
Jazyk:Slovak
Vydavateľské údaje: 2023
Predmet:
On-line prístup:http://is.stuba.sk/zp/portal_zp.pl?podrobnosti=171019
Tagy: Pridať tag
Žiadne tagy, Buďte prvý, kto otaguje tento záznam!

MARC

LEADER 00000ntm a22000003a 4500
001 stuzp93731
003 SK-STU
005 20230909215903.5
007 ta
008 150427s2015----xo-----f-mn---000-0-slo-d
040 |a STU  |b slo 
041 0 |a slo 
100 1 |a Knotková, Martina  |u 064000  |4 aut  |U MTF Materiálovotechnologická fakulta  |T MTF Ústav priemyselného inžinierstva a manažmentu  |X 76611  |U M4000  |Y 84  |7 76611 
242 0 1 |a Proposal for improving the incentive system and remuneration of employees in the company MAHLE Behr Senica s.r.o.  |y eng 
245 1 0 |a Návrh zlepšenia motivačného systému a odmeňovania zamestnancov v podniku MAHLE Behr Senica s.r.o. 
260 |c 2023 
650 4 |a motivačná smernica  |2 slo 
650 4 |a odmeňovanie  |2 slo 
650 4 |a motivácia  |2 slo 
650 4 |a remuneration  |2 eng 
650 4 |a motivation  |2 eng 
650 4 |a directive  |2 eng 
700 1 |a Homokyová, Mária  |u 064000  |k Z1  |4 ths  |U MTF Materiálovotechnologická fakulta  |T MTF Ústav priemyselného inžinierstva a manažmentu  |X 2756  |U M4000  |Y 84  |7 A000002756 
856 4 |u http://is.stuba.sk/zp/portal_zp.pl?podrobnosti=171019 
996 |c M* DP-15152  |l MMSKP  |s P  |a 0  |w stuzp93731_0001